2015 Movies - Statistics

General Stats
  • This quiz has been taken 43 times
  • The average score is 21 of 50
Answer Stats
Picture Answer % Correct
Avengers: Age Of Ultron
93%
Star Wars: The Force Awakens
93%
Inside Out
89%
Jurassic World
89%
Minions
89%
Ant-Man
85%
Pixels
85%
Fantastic Four
74%
The Martian
74%
Cinderella
70%
Creed
70%
The Good Dinosaur
70%
Home
67%
Terminator Genisys
63%
Mission: Impossible - Rogue Nation
59%
Pitch Perfect 2
52%
Ex Machina
48%
Goosebumps
48%
Mad Max: Fury Road
48%
San Andreas
48%
Spectre
48%
The Revenant
48%
Fifty Shades Of Grey
44%
Get Hard
41%
Jupiter Ascending
33%
Vacation
33%
Daddy’s Home
30%
Pan
30%
Chappie
26%
Focus
26%
In The Heart Of The Sea
26%
Krampus
26%
Legend
26%
Tomorrowland: A World Beyond
26%
Everest
22%
Black Mass
19%
Fast & Furious 7
19%
Run All Night
19%
Trainwreck
19%
Blackhat
15%
Mortdecai
15%
Spy
15%
Crimson Peak
11%
Sisters
11%
The Last Witch Hunter
7%
Eye In The Sky
4%
Miss You Already
4%
The Wedding Ringer
4%
Unfinished Business
4%
Wild Card
4%
No matching quizzes found
Score Distribution
Percent of People with Each Score
Percentile by Number Answered
Your Score History
You have not taken this quiz